[Event "POL-ch Rapid U18 Girls"]
[Site "Bydgoszcz"]
[Date "2023.08.29"]
[Round "2"]
[White "Slusarczyk, Anna"]
[Black "Palejko, Maria"]
[Result "1-0"]
[WhiteElo "1777"]
[BlackElo "1456"]
[PlyCount "137"]
[EventDate "2023.08.28"]
[EventType "swiss"]
[EventRounds "11"]
[EventCountry "POL"]
[SourceTitle "EXT 2024"]
[Source "ChessBase"]
[SourceDate "2023.10.10"]
[SourceVersion "1"]
[SourceVersionDate "2023.10.10"]
[SourceQuality "1"]

1. d4 d5 2. Nf3 Nf6 3. e3 e6 4. Bd3 Be7 5. b3 0-0 6. Bb2 b6 7. 0-0 Nbd7 8. Ne5 Nxe5 9. dxe5 Ne4 10. Nd2 Nc5 11. Be2 Bb7 12. f3 f5 13. exf6 Bxf6 14. Bxf6 Qxf6 15. b4 Nd7 16. f4 Qc3 17. Bd3 Qxb4 18. Nf3 Nf6 19. Ng5 Qe7 20. Qf3 h6 21. Qh3 hxg5 22. fxg5 Ne4 23. g6 Ng5 24. Qh5 Rxf1+ 25. Rxf1 Rf8 26. Rxf8+ Qxf8 27. Qxg5 Qf6 28. Qh5 d4 29. Qh7+ Kf8 30. Qh8+ Ke7 31. Qb8 dxe3 32. Qxc7+ Kf8 33. Qb8+ Ke7 34. Qxb7+ Kd6 35. Qf3 Qa1+ 36. Bf1 Qd4 37. Qe2 Qf4 38. g3 Qe5 39. Qd3+ Ke7 40. Qa3+ Kf6 41. Qf8+ Kxg6 42. Bd3+ Kh5 43. Qh8+ Kg4 44. Qh4+ Kf3 45. Qh3 Qa1+ 46. Qf1+ Qxf1+ 47. Kxf1 g5 48. Be2+ Ke4 49. Kg2 Kd4 50. Kf3 Kc3 51. Bd3 Kb2 52. h4 gxh4 53. gxh4 Kxa2 54. h5 Kb2 55. h6 a5 56. h7 a4 57. h8Q+ Ka2 58. Qc3 e2 59. Kxe2 b5 60. Bxb5 e5 61. Qb4 e4 62. Qxa4+ Kb2 63. c4 e3 64. c5 Kb1 65. Bd3+ Kb2 66. Qc2+ Ka3 67. Qb1 Ka4 68. Qb2 Ka5 69. Qb5# 1-0